000 01249nam a2200313Ia 4500
001 ebr10021620
003 CaPaEBR
006 m u
007 cr cn|||||||||
008 000630s2001 mdua sb 001 0 eng d
010 _z 00010275
020 _z0801865980 (alk. paper)
020 _z0801874793
040 _aCaPaEBR
_cCaPaEBR
035 _a(OCoLC)70733519
050 1 4 _aRT120.H65
_bB84 2001eb
082 0 4 _a362.1/4/0973
_221
100 1 _aBuhler-Wilkerson, Karen.
245 1 0 _aNo place like home
_h[electronic resource] :
_ba history of nursing and home care in the United States /
_cKaren Buhler-Wilkerson.
260 _aBaltimore :
_bJohn Hopkins University Press,
_c2001.
300 _axiv, 293 p. :
_bill.
504 _aIncludes bibliographical references and index.
533 _aElectronic reproduction.
_bPalo Alto, Calif. :
_cebrary,
_d2013.
_nAvailable via World Wide Web.
_nAccess may be limited to ebrary affiliated libraries.
650 0 _aHome nursing
_xHistory.
650 1 0 _aHome nursing
_zUnited States.
655 7 _aElectronic books.
_2local
710 2 _aebrary, Inc.
856 4 0 _uhttp://site.ebrary.com/lib/rucke/Doc?id=10021620
_zAn electronic book accessible through the World Wide Web; click to view
999 _c10316
_d10316